| 000 | 00606nam a22001937a 4500 | ||
|---|---|---|---|
| 003 | OSt | ||
| 005 | 20260310023958.0 | ||
| 008 | 260310b |||||||| |||| 00| 0 eng d | ||
| 020 | _a9780330504195 | ||
| 040 |
_aDWCL-Main Lib _cOC |
||
| 082 |
_aProf. 303.34 Ad191e 2009 _2Revised edition |
||
| 100 | _aAdair, John | ||
| 245 | _aEffective leadership : how to be successful leader | ||
| 260 |
_aLondon : _bPan Books, _cc 2009 |
||
| 300 |
_axiv, 226 pages : _billustrations ; _c20 cm. |
||
| 504 | _a1. Includes index. | ||
| 650 | _aLeadership (Psychology). | ||
| 942 |
_2ddc _cPROF. _mProf. _n0 _eRevised edition |
||
| 999 |
_c8821 _d8821 |
||